Etos i istorija /

Uložené v:
Podrobná bibliografia
Hlavný autor: Ancsel, Éva (Author)
Médium: Kniha
Jazyk:Russian
Hungarian
Vydané: Moskva : Mysl´, 1988
Vydanie:1. izd.
Témy:
ISBN: (brož.)
Fyzický popis: 127 s.
Tagy: Pridať tag
Žiadne tagy, Buďte prvý kto otaguje tento záznam!

MARC

LEADER 00000nam a2200000 a 4500
001 000286708
005 20061129134514.0
008 061129s1988 ru e 000 0 ruso
020 |a (brož.) 
040 |a SVKKK  |b slo  |c SVKKK  |e AACR2 
041 1 |a rus  |h hun 
044 |a ru  |c RU 
100 1 |a Ancsel, Éva  |4 aut 
245 1 0 |a Etos i istorija /  |c Éva Ancsel 
250 |a 1. izd. 
260 |a Moskva :  |b Mysl´,  |c 1988 
300 |a 127 s. 
655 7 |a monografie  |2 SVKKKPH 
998 |a BK 
090 |g SCKHL  |k Sklad Pribinova 2. posch.  |a II.317710  |j 780885  |i 2720162842  |s Absenčne